000 01217nam a22003377a 4500
003 CHAP
005 20220329135615.0
008 971013s1993 r 00010 d
010 _a39224
011 _a40196
035 _a44321
040 _cCHAP
090 _aTesis
100 0 0 _aIslas Sosa, Freddy Josué.
_960617
245 _aEvaluación de las obras de conservación de suelo y agua en la parte noreste del Distrito de Desarrollo Rural 075 Zumpango, México
260 _aChapingo, Méx. :
_bEl autor,
_c1993
300 _a130 h.
_b; planos ; anexos
502 _aTesis (Ing. Agr. Esp. en Suelos) -- UACH. Departamento de Suelos
590 _aALEPH
_b10
_c20130110
_lUCH01
_h1306
590 _aBATCH-UPD
_b10
_c20130110
_lUCH01
_h2005
590 _aBATCH-UPD
_b10
_c20130410
_lUCH01
_h1325
590 _aBATCH-UPD
_b10
_c20130914
_lUCH01
_h1207
590 _aCONVERSION
_b10
_c20130109
_lUCH01
_h1322
650 1 4 _aAgua
_xConservacion.
_92319
650 1 4 _aDistrito de Desarrollo Rural Zumpango, Méx.
_932827
650 1 4 _aSuelos
_xConservación.
_9110283
901 _aBK
942 _cFOLL
949 _bBC
_cTES
_d-101554
_eTS1
_h27821
_i44321
_si
949 _bBC
_cTES
_d33724000004974
_eTS2
_fc.2
_h27822
_i44321
_si
999 _c39224
_d39224